Netherlands Indies (Record no. 1731)

MARC details
000 -LEADER
fixed length control field 00600nam a2200253 a 4500
020 ## - INTERNATIONAL STANDARD BOOK NUMBER
ISBN
082 00 - DEWEY DECIMAL CLASSIFICATION NUMBER
Classification number 274.9
Author Cutter RAU
100 ## - MAIN ENTRY--AUTHOR NAME
Author name Rauws, Joh
245 ## - TITLE STATEMENT
Title Netherlands Indies
260 ## - PUBLICATION, DISTRIBUTION, ETC. (IMPRINT)
Place of publication London
Name of publisher World Dominion Press
Year of publication 1935
300 ## - PHYSICAL DESCRIPTION
Number of Pages 186p
500 ## - GENERAL NOTE
General note includes index and biblioraphy
505 2# - FORMATTED CONTENTS NOTE
Formatted contents note Index
650 ## - SUBJECT ADDED ENTRY--TOPICAL TERM
Topical Term Church-History Netherlands
942 ## - ADDED ENTRY ELEMENTS (KOHA)
Koha item type Books
700 1# -
-- H Kraemer
700 1# -
-- F J F Van Hasselt
Holdings
Collection code Home library Current library Date acquired Cost, normal purchase price Full call number Accession Number Koha item type
  Henry Martyn Institute Library Henry Martyn Institute Library 07/18/2007 100.00 274.9 RAU 00651 Books
                   Copyright © 2026 | Henry Martyn Institute | Hyderabad | TS-500052 | INDIA | Implemented by hmi.edu.in
Hit-Count:

Powered by Koha